000 00896cam a22002775a 4500
001 014566362
003 OSt
005 20201128021428.0
008 080225r20092006enka frb f001 0 eng d
020 _a9780199546992 (pbk.)
020 _a0199546991 (pbk.)
040 _aStDuBDS
_beng
_cStDuBDS
_dEG-ScBUE
082 0 4 _a658.421
_222
_bOXF
245 0 4 _aThe Oxford handbook of entrepreneurship /
_cedited by Mark Casson ... [et al.]
246 3 0 _aHandbook of entrepreneurship
260 _aOxford ;
_aNew York :
_bOxford University Press,
_c2009.
300 _axviii, 790 p. :
_bill. ;
_c25 cm.
500 _aReprinted of the 2006 ed.
500 _aIndex : p. 726-790.
504 _aIncludes bibliographical references.
650 7 _aEntrepreneurship.
_2BUEsh
_9240
651 _2BUEsh
653 _bBUSADM
_cJuly2015
_cJanuary2016
700 1 _aCasson, Mark,
_d1945-
_eeditor.
942 _2ddc
999 _c20317
_d20289